La presencia de lo moderno en el patrimonio artístico de la UAM / (Record no. 120922)

MARC details
000 -LEADER
campo de control de longitud fija 01300nam a2200289 i 4500
001 - NÚMERO DE CONTROL
campo de control 120922
003 - IDENTIFICADOR DE NÚMERO DE CONTROL
campo de control ES-MaACL
005 - FECHA Y HORA DE LA ÚLTIMA TRANSACCIÓN
campo de control 20240121131119.0
008 - DATOS DE LONGITUD FIJA--INFORMACIÓN GENERAL
campo de control de longitud fija 211228s2018 sp aeo 001 0 spa
020 ## - NÚMERO INTERNACIONAL ESTÁNDAR DEL LIBRO
Número Internacional Estándar del Libro 978-84-8344-635-5
080 ## - NÚMERO DE LA CLASIFICACIÓN DECIMAL UNIVERSAL
Número de la Clasificación Decimal Universal 72.012.2
080 ## - NÚMERO DE LA CLASIFICACIÓN DECIMAL UNIVERSAL
Número de la Clasificación Decimal Universal 727:378.4(460.27)
100 1# - ENTRADA PRINCIPAL--NOMBRE DE PERSONA
Nombre de persona Sebastián Maestre, José Antonio.
9 (RLIN) 173944
245 13 - MENCIÓN DEL TÍTULO
Título La presencia de lo moderno en el patrimonio artístico de la UAM /
Mención de responsabilidad, etc. José Antonio Sebastián Maestre.
260 ## - PUBLICACIÓN, DISTRIBUCIÓN, ETC.
Lugar de publicación, distribución, etc. Madrid :
Nombre del editor, distribuidor, etc. Servicio de Publicaciones Universidad Autónoma de Madrid,
Fecha de publicación, distribución, etc. [2018]
300 ## - DESCRIPCIÓN FÍSICA
Extensión 292 p. :
Otras características físicas il. col. y n., planos col. y n., fot. ;
Dimensiones 27 cm +
Material acompañante/anejo 1 póster col. [sobrecubierta]
504 ## - NOTA DE BIBLIOGRAFÍA, ETC.
Nota de bibliografía, etc. Referencias bibliográficas.
594 ## - Nota al título y mención de responsabilidad
Nota al título y mención de responsabilidad En port.: Cincuenta aniversario Universidad Autónoma de Madrid
610 24 - PUNTO DE ACCESO ADICIONAL DE MATERIA--NOMBRE DE ENTIDAD CORPORATIVA
Nombre de entidad corporativa o nombre de jurisdicción como elemento de entrada Universidad Autónoma de Madrid-
Subdivisión general Edificios.
9 (RLIN) 173945
650 #4 - PUNTO DE ACCESO ADICIONAL DE MATERIA--TÉRMINO DE MATERIA
Término de materia o nombre geográfico como elemento de entrada Arquitectura-
Subdivisión geográfica Madrid-
Subdivisión cronológica S.XX.
9 (RLIN) 9998
710 2# - ENTRADA AGREGADA--NOMBRE DE ENTIDAD CORPORATIVA
Nombre de entidad corporativa o nombre de jurisdicción como elemento de entrada Universidad Autónoma de Madrid.
9 (RLIN) 7060
852 4# - LOCALIZACIÓN
Ubicación ES-MaACL
Número de control de estantería A-14819
itemnumber 125427
Sublocalización o colección R.152327
Ubicación en estantería Depósito 1
Signatura antigua Olim: N-7819
Anotaciones manuscritas Dedicatoria autógrafa del autor
Donativo/Legado Donación: José Antonio Sebastián Maestre
Encuadernación Encuadernación en tela
903 ## - NOMBRE PERSONAL DE DONANTE
9 173944
a Sebastián Maestre, José Antonio
e Donante
942 ## - ELEMENTOS DE ENTRADA SECUNDARIOS (KOHA)
Fuente del sistema de clasificación o colocación Clasificación decimal universal
Tipo de ítem Koha Libro impreso
Holdings
Estatus retirado Estado de pérdida Fuente del sistema de clasificación o colocación Estado de daño No para préstamo Colección Biblioteca de origen Biblioteca actual Ubicación en estantería Fecha de adquisición Fuente de adquisición Total de préstamos Signatura topográfica completa Código de barras Visto por última vez Precio de reemplazo Tipo de ítem Koha Nota pública
    Clasificación decimal universal     Libros con dedicatorias Biblioteca del Ateneo de Madrid Biblioteca del Ateneo de Madrid Depósito 1 28/12/2021 Donación   A-14819 1202774 23/02/2023 23/02/2023 Libro impreso Dedicatoria autógrafa del autor